000 00650nam a2200217 a 4500
005 20220604063853.0
008 040318s2000 mx r 000 0 spa d
020 _a8466300511
035 _aUPN01000132722
049 _aCG
050 4 _aPQ8097 S3.6
_bP3.7
100 1 _aSerrano, Marcela,
_d1951-
_930006
245 1 0 _aPara que no me olvides /
_cMarcela Serrano.
260 _aMadrid :
_bSuma de Letras,
_c2000.
300 _a255 p.
440 0 _aPunto de lectura ;
_v25.2
500 _a"De la autora de Nosotras que nos queremos tanto"
650 4 _aNOVELA CHILENA -
_ySIGLO XX
650 7 _aMujeres en la literatura
_2
_92269
905 _aLibro
999 _c104876
_d104876